MITOS Y REALIDADES DE LA EMPRESA PUBLICA/

INCLUYE BIBLIOGRAFIA

-д хадгалсан:
Номзүйн дэлгэрэнгүй
Үндсэн зохиолч: Villarreal, René (autor)
Формат: Ном
Нөхцлүүд:
Шошгууд: Шошго нэмэх
Шошго байхгүй, Энэхүү баримтыг шошголох эхний хүн болох!

MARC

LEADER 00000nam^a2200000^a^4500
001 000224254
005 20250521000000.0
009 20260310104044.681
020 |a 968-13-1885-4 
035 |a 043367 
037 |a Acervo Xavier Clavigero 
082 |a 350. 0092 VIL 
100 |a Villarreal, René  |e (autor) 
245 1 0 |a MITOS Y REALIDADES DE LA EMPRESA PUBLICA/  |c RENE VILLARREAL 
264 |a MEXICO :  |b DIANA,  |c 1988 
300 |a 221p. :  |b tbs. 
336 |a texto  |b txt  |2 rdacontenido 
337 |a sin mediación  |b n  |2 rdamedio 
338 |a volumen  |b nc  |2 rdasoporte 
520 |a INCLUYE BIBLIOGRAFIA 
649 |a XX 
650 |a Paraestatales 
650 |a Política Industrial 
910 |a Fondo General 
920 |a Impresos - Libros 
930 |a Colección General 
905 |a 101 
901 |a 043367  |b IT1  |c ACC  |i 043367  |u 20250521 
902 |a https://opac.biblio.iteso.mx/vufind/Record/000224254